000 00571nam a2200217 a 4500
001 BRCA_4277
005 20190320204618.0
008 230610s1961----nyu#######---#000-0#eng-#
041 _aeng
044 _anyu
050 4 _aPZ4
_b.H65 1961
100 1 _aHolden, Genevieve
_911016
245 1 0 _aDeadlier than the Male
_cby Genevieve Holden.
260 _aCiudad Jardín, Nueva York
_bDoubleday
_c1961
300 _a187 p.
_c22 cm.
440 0 _aA crime club selection
_9876
500 _aCEF72
650 1 4 _aNovelas policíacas
_9877
902 _aGFM
942 _2lcc
_cB
999 _c3988
_d3988